Plantation crops: A summary of figures of proudction, trade and consumption relating to sugar, tea, coffee, cococa, spices, tobacco and rubber (Record no. 20166)

MARC details
000 -LEADER
fixed length control field 00435nam a2200121Ia 4500
082 ## - DEWEY DECIMAL CLASSIFICATION NUMBER
Classification number 338.4:633
Item number LON
245 #0 - TITLE STATEMENT
Title Plantation crops: A summary of figures of proudction, trade and consumption relating to sugar, tea, coffee, cococa, spices, tobacco and rubber
260 ## - PUBLICATION, DISTRIBUTION, ETC. (IMPRINT)
Place of publication London
Name of publisher Commonwealth Economic Committee
Year of publication 1949
650 ## - SUBJECT ADDED ENTRY--TOPICAL TERM
Topical Term Plantation crops
650 ## - SUBJECT ADDED ENTRY--TOPICAL TERM
Topical Term Rubber
942 ## - ADDED ENTRY ELEMENTS (KOHA)
Koha item type Books
Holdings
Withdrawn status Lost status Damaged status Not for loan Home library Current library Date acquired Full call number Accession Number Koha item type
        RRII Library RRII Library 16/12/2021 338.4:633 LON 00893 Books